Soldiers in peacemaking the role of the military at the end of war, 1800-present

Bibliographic Details
Other Authors: Graaf, Beatrice de, 1976- (Editor), Dessberg, Frédéric, 1965- (Editor), Vaisset, Thomas (Editor)
Format: Book
Language:English
PhysicalDescription:viii, 230 strán ilustrácie, mapy 24 cm
Published: London Bloomsbury Academic 2023
ISBN:9781350345010
Edition:First edition
Series:New approaches to international history
Subjects:

MARC

LEADER 00000cam a2200000 4500
001 vtls012243272
003 SK-MaSNL
005 20260301171409.0
008 231103s2023 xxkab g n 001 0 eng
015 |a SNBZSA2024/01 
020 |a 9781350345010  |q (viazané) 
040 |a SNK  |b slo  |c SNK  |e rda 
041 0 |a eng 
044 |a xxk  |c GB 
072 7 |a 355/359  |x Vojenstvo. Obrana krajiny. Ozbrojené sily  |2 konspekt 
080 |a 355.4(091)  |2 2011 
080 |a 355-051  |2 2011 
080 |a 355:316.653  |2 2011 
080 |a 327  |2 2011 
080 |a 341.785  |2 2011 
080 |a "1800/1999"  |2 2011 
080 |a "18/19"  |2 2011 
080 |a (078.7)  |2 2011 
245 0 0 |a Soldiers in peacemaking  |b the role of the military at the end of war, 1800-present  |c edited by Beatrice de Graaf, Frédéric Dessberg, and Thomas Vaisset 
250 |a First edition 
264 1 |a London  |b Bloomsbury Academic  |c 2023 
300 |a viii, 230 strán  |b ilustrácie, mapy  |c 24 cm 
336 |a text  |b txt  |2 rdacontent 
337 |a bez média  |b n  |2 rdamedia 
338 |a zväzok  |b nc  |2 rdacarrier 
490 1 |a New approaches to international history 
504 |a Obsahuje bibliografiu na strane [195]-216, bibliografické odkazy a register 
648 7 |a 1800-1999  |2 SNKPH  |9 539015 
648 7 |a 19.-20. storočie  |2 SNKPH  |9 279491 
648 7 |a 19th-20th centuries  |2 SNKPHeng  |9 282960 
650 0 7 |a vojenské dejiny  |2 SNKPH  |9 70411 
650 0 7 |a vojaci  |2 SNKPH  |9 20587 
650 0 7 |a armáda a verejnosť  |2 SNKPH  |9 83677 
650 0 7 |a zahraničné vzťahy  |2 SNKPH  |9 3832 
650 0 7 |a mierové zbory  |2 SNKPH  |9 4412 
650 0 7 |a Military history  |2 SNKPHeng  |9 267258 
650 0 7 |a Soldiers  |2 SNKPHeng  |9 286109 
650 0 7 |a Civil-military relations  |2 SNKPHeng  |9 443392 
650 0 7 |a Foreign relations  |2 SNKPHeng  |9 315321 
650 0 7 |a Peacekeeping forces  |2 SNKPHeng  |9 539016 
655 7 |a prípadové štúdie  |2 SNKPH  |9 70498 
655 7 |a Case studies  |2 SNKPHeng  |9 302769 
700 1 |a Graaf, Beatrice de,  |d 1976-  |4 edt  |9 234185 
700 1 |a Dessberg, Frédéric,  |d 1965-  |4 edt  |9 242131 
700 1 |a Vaisset, Thomas  |4 edt  |9 234186 
830 0 |a New approaches to international history  |9 539017 
852 |a Slovenská národná knižnica 
919 |a 978-1-350-34501-0 
954 |a odborná, vedecká literatúra cudzojazyčná (svetová)  |2 lita 
958 |a ZS 
958 |a NB 
999 |c 830694  |d 832624 
952 |a SNK  |b SNK  |y PREZ  |7 0  |p 17A1538804  |o snkSC 204291  |i snk2023/16502  |8 3  |g 129.03  |0 0  |1 0  |4 0  |d 2023-11-14  |l 0  |r 2025-10-28 00:00:00  |w 2026-02-24